Guess NCS Song by Hint #1 - Statistics

General Stats
  • This quiz has been taken 21 times
  • The average score is 6 of 10
Answer Stats
Hint Song % Correct
First Elektronomia Debut Energy
93%
Most Popular Glitch Hop Song Invincible
93%
The Oldest Published Song Coming Home
79%
Published Alan Walker Song Dreamer
79%
Most Popular Lyric Video Control
71%
First Phonk Song Faster
71%
2019 Hit Cradles
43%
The Only One Song with ,,future house" Close
36%
Most Popular NCS13 Song Wonder
36%
Longest Comeback On NCS Stutterfly
29%
No matching quizzes found
Score Distribution
Percent of People with Each Score
Percentile by Number Answered
Your Score History
You have not taken this quiz